| 000 | 00361nam a2200145Ia 4500 | ||
|---|---|---|---|
| 008 | 151213s9999 xx 000 0 und d | ||
| 100 | _aAbu Rushd | ||
| 245 |
_aThe Unadjusted True _cAbu Rushd |
||
| 260 |
_aDhaka _bBarnamichil _c1977 |
||
| 300 | _a8870 p. | ||
| 650 | _aEnglish Literature | ||
| 650 | _aEnglish Literature | ||
| 700 | _aAbu Rushd | ||
| 999 |
_c4655 _d4655 |
||